Madeline and the cats of Rome / (Record no. 49829)
| 000 -LEADER | |
|---|---|
| fixed length control field | 00850nam a2200277 4500 |
| 001 - CONTROL NUMBER | |
| control field | 15304443 |
| 020 ## - INTERNATIONAL STANDARD BOOK NUMBER | |
| International Standard Book Number | 9780670062973 |
| Qualifying information | hardcover |
| 035 ## - SYSTEM CONTROL NUMBER | |
| System control number | 15304443 |
| 040 ## - CATALOGING SOURCE | |
| Original cataloging agency | DLC |
| Transcribing agency | DLC |
| Modifying agency | DLC |
| 042 ## - AUTHENTICATION CODE | |
| Authentication code | lcac |
| 050 00 - LIBRARY OF CONGRESS CALL NUMBER | |
| Classification number | PZ8.3.M368 |
| Item number | Mad 2008 |
| 082 00 - DEWEY DECIMAL CLASSIFICATION NUMBER | |
| Classification number | [E] |
| Edition number | 22 |
| 100 ## - MAIN ENTRY--PERSONAL NAME | |
| Personal name | Marciano, John Bemelmans, |
| Fuller form of name | author. |
| 9 (RLIN) | 86967 |
| 245 10 - TITLE STATEMENT | |
| Title | Madeline and the cats of Rome / |
| Statement of responsibility, etc | story and pictures by John Bemelmans Marciano. |
| 260 ## - PUBLICATION, DISTRIBUTION, ETC. (IMPRINT) | |
| Place of publication, distribution, etc | New York : |
| Name of publisher, distributor, etc | Viking, |
| Date of publication, distribution, etc | 2008. |
| 300 ## - PHYSICAL DESCRIPTION | |
| Extent | 1 v. (unpaged) : |
| Other physical details | col. ill. ; |
| Dimensions | 32 cm. |
| 520 ## - SUMMARY, ETC. | |
| Summary, etc | The orphan Madeline catches a thief and makes a friend in Rome. |
| 521 1# - TARGET AUDIENCE NOTE | |
| Target audience note | Ages 3 up. |
| 650 ## - SUBJECT ADDED ENTRY--TOPICAL TERM | |
| Topical term or geographic name as entry element | Stories in rhyme. |
| 650 ## - SUBJECT ADDED ENTRY--TOPICAL TERM | |
| Topical term or geographic name as entry element | Orphans |
| Form subdivision | Fiction. |
| 650 #1 - SUBJECT ADDED ENTRY--TOPICAL TERM | |
| Topical term or geographic name as entry element | Stealing |
| Form subdivision | Fiction. |
| 650 ## - SUBJECT ADDED ENTRY--TOPICAL TERM | |
| Topical term or geographic name as entry element | Cats |
| Form subdivision | Fiction. |
| 651 ## - SUBJECT ADDED ENTRY--GEOGRAPHIC NAME | |
| Geographic name | Rome (Italy) |
| Form subdivision | Fiction. |
| 9 (RLIN) | 51660 |
| 651 ## - SUBJECT ADDED ENTRY--GEOGRAPHIC NAME | |
| Geographic name | Italy |
| Form subdivision | Fiction. |
| 942 ## - ADDED ENTRY ELEMENTS (KOHA) | |
| Source of classification or shelving scheme | |
| Koha item type | Book |
| Withdrawn status | Lost status | Source of classification or shelving scheme | Damaged status | Not for loan | Home library | Current library | Date acquired | Total Checkouts | Full call number | Barcode | Date last seen | Date checked out | Price effective from | Koha item type |
|---|---|---|---|---|---|---|---|---|---|---|---|---|---|---|
| Logos International School | Logos International School | 12/03/2025 | 1 | E BEM | 040731 | 12/12/2025 | 12/05/2025 | 12/03/2025 | Book |